000 00948cam a2200289 a 4500
001 3886
005 20240801104949.0
020 _a9780448428703
040 _aDLC
_cDLC
_dDLC
_beng
050 0 0 _aPZ7.D439
_b2002
082 0 0 _a813.6
100 1 _aDePaola, Tomie
_d1934-2020
_eauthor
245 1 0 _aT-rex is missing! /
_cby Tomie dePaola
260 _aNew York :
_bPenguin Group ;
_c2002
300 _a32 pages :
_bcolor illustrations ;
_c24 cm.
490 _a The Barker Twins
_vLevel 2
505 _aG
520 _aMorgie accuses his best friend of taking his favorite dinosaur toy without asking, and then he finds that he must apologize.
521 _a400
_bLexile
521 _aG
_bRaz-Plus
650 1 _aLost and found possessions
_vFiction.
650 1 _aDinosaurs
_vFiction.
650 1 _aToys
_vFiction.
650 1 _aFriendship
_vFiction.
906 _a7
_bcbc
_corignew
_d1
_eecip
_f20
_gy-gencatlg
942 _2ddc
_cBK
_n0
999 _c3886
_d3886